| 000 | 00805cam a22002654a 4500 | ||
|---|---|---|---|
| 001 | 3091021 | ||
| 005 | 20180216050844.0 | ||
| 008 | 981118s2000 njua bi 001 0 eng | ||
| 010 | _a 98052857 | ||
| 020 | _a0130998443 | ||
| 035 | _a(DLC) 98052857 | ||
| 040 |
_aDLC _cDLC _dDLC |
||
| 041 | _aeng | ||
| 042 | _apcc | ||
| 043 | _an-us--- | ||
| 080 | _a371.102 and | ||
| 082 | 0 | 0 |
_a371.102 and _221 |
| 100 | 1 | _a48 | |
| 101 | _aedu | ||
| 245 | 1 | 0 |
_aClassroom teaching : _cAndrea M. Guillaume. |
| 504 | _aIncludes bibliographical references and index. | ||
| 906 |
_a7 _bcbc _corignew _d1 _eocip _f19 _gy-gencatlg |
||
| 942 |
_2ddc _cBK |
||
| 999 |
_c42775 _d42775 |
||